000
00320nam a22001337a 4500
008
250428b |||||||| |||| 00| 0 eng d
020
_a
0871161079
050
_a
P 90
_b
.D55
100
_a
Dillon, T.Mary
245
_a
Magazine Article Writing
260
_a
Boston
_b
The writer, Inc.
_c
1977
300
_a
149p.
942
_c
BK
999
_c
3233
_d
3233